Ice Type Pokémon Trivia - Statistics

General Stats
  • This quiz has been taken 24 times
  • The average score is 7 of 20
Answer Stats
Hint Answer % Correct
First pure Ice type in Pokédex order Snorunt
72%
The base power of Aurora Beam 65
61%
The Ice type Gym Leader of Circhester in Pokémon Shield Melony
61%
What fossil is Amaura resurrected from? Sail Fossil
61%
How many Ice types have a unique type combination (including those in the same evolutionary line)? 13 - Crabominable, Snover, Abomasnow, Swinub, Piloswine, Mamoswine, Snom, Frosmoth, Froslass, Alolan Sandshrew, Alolan Sandslash, Zen Mode Galarian Darmanitan, Alolan Ninetales
56%
What level does Galarian Mr. Mime evolve into Mr. Rime Lv.42
56%
The HM found in Ice Path, Johto HM07 Waterfall
50%
The form Castform takes in a Hail storm Snowy Form
50%
Where can you catch Articuno in Kanto The Seafoam Islands
44%
The only Ice type move introduced in Gen VI Freeze-Dry
28%
Guess the move - Power:65 / Accuracy:95% / PP:15 (without PP ups) Ice Fang
28%
Which Ice type's Japanese name is the same as an Elite Four member's English name? Glaceon - Glacia (Hoenn)
22%
The snow covered mountain in Paldea where many Ice types can be found Glaseado Mountain
22%
The Ice type with the highest Base Speed Iron Bundle
22%
Which Ice type has the highest Base HP Cetitan
17%
This Ice type is the only Pokémon that can learn Solar Beam via level up but cannot learn Sunny Day by any method Cryogonal
17%
The Warden tasked with watching over the noble Avalugg, Lord of the Tundra, in the Alabaster Icelands of Hisui Gaeric
17%
This Ice type has the most separate cries used in-game, with a total of 5 Kyurem
17%
The Ice type that evolves at the lowest level (not via stones) Smoochum - Lv.30
17%
The badge awarded by Pryce at the Mahogany Town Gym Glacier Badge
6%
No matching quizzes found
Score Distribution
Percent of People with Each Score
Percentile by Number Answered
Your Score History
You have not taken this quiz